| 000 | 00473nam a2200145Ia 4500 | ||
|---|---|---|---|
| 008 | 220214s9999 xx 000 0 und d | ||
| 100 | _aSkilleter D N | ||
| 245 | 0 | _aEnzymes forming isopentenyl pyrophosphate from 5-phosphomevalonate (Mevalonate 5-phosphate) in the latex of Hevea brasiliensis | |
| 260 |
_bBiochemical Journal _c1971 |
||
| 300 | _a407-417 | ||
| 650 | _aHevea brasiliensis | ||
| 650 | _aIsopentenyl pyrophosphate | ||
| 700 | _aKekwick R G O | ||
| 942 | _cRE | ||
| 999 |
_c45583 _d45583 |
||